SMITH'S GENERAL UROLOGY (Record no. 22346)

MARC details
000 -LEADER
fixed length control field 00352nam a22001577a 4500
003 - CONTROL NUMBER IDENTIFIER
control field SGT
082 ## - DEWEY DECIMAL CLASSIFICATION NUMBER
Classification number 616
Item number S88T
100 ## - MAIN ENTRY--PERSONAL NAME
Personal name TANAGHO, EMIL A.
245 ## - TITLE STATEMENT
Title SMITH'S GENERAL UROLOGY
250 ## - EDITION STATEMENT
Edition statement 12TH
260 ## - PUBLICATION, DISTRIBUTION, ETC. (IMPRINT)
Place of publication, distribution, etc USA
Name of publisher, distributor, etc PRENTISE HALL
Year of Publication 1988
300 ## - PAGE DESCRIPTION
No. of Pages 706
650 ## - SUBJECT ADDED ENTRY--TOPICAL TERM
Topical term or geographic name as entry element GENERAL SURGERY
653 ## - KEYWORDS--INDEX TERM
Keyword term SMITH'S GENERAL UROLOGY
942 ## - ADDED ENTRY ELEMENTS (KOHA)
Source of classification or shelving scheme Dewey Decimal Classification
Koha item type Rare Books
Holdings
Withdrawn status Lost status Source of classification or shelving scheme Damaged status Not for loan Collection code Home library Current library Shelving location Date acquired Total Checkouts Full call number Accession No. (Barcode) Date last seen Bill Date Koha item type
    Dewey Decimal Classification   Not For Loan NURSING SGT Medical Library SGT Medical Library Reference Book 02/03/2022   616 S88T FN4695 02/03/2022 02/03/2022 Rare Books